000 00307nam a22001337a 4500
008 181003b xxu||||| |||| 00| 0 eng d
020 _a9780812690545
041 _aeng
080 _a101
100 _a24
101 _aFIL
245 _aAn Enquiry concerning Human Understanding
_cHume,D
942 _2udc
_cBK
999 _c48822
_d48822